00370 a2200109 4500001001000000005001700010008004100027245007800068100002100146773007600167999001700243ART_1379120260410161911.0260409a 10aRelative price variability and inflation in the United States and Germany1 aFischer, Stanley0 tEuropean economic reviewg- Vol. 18, NÂș 1/2 (may./jun. 1982)wREV13346 c26819d26819